Statistics for Countries of the World in 1914 with a Map

Click here to take the quiz!

General Stats

  • This quiz has been taken 49,522 times
    (48,281 since last reset)
  • The average score is 52 of 59

Answer Stats

Country % Correct
Canada
99%
United States
99%
United Kingdom
99%
Russia
99%
France
99%
Mexico
98%
China
98%
Spain
98%
Brazil
98%
Australia
98%
Italy
97%
Portugal
97%
Argentina
97%
Germany
97%
Japan
97%
Chile
96%
Sweden
96%
Norway
96%
South Africa
95%
Denmark
95%
Peru
94%
Colombia
93%
Netherlands
92%
New Zealand
92%
Uruguay
92%
Persia
92%
Cuba
92%
Paraguay
91%
Venezuela
91%
Greece
91%
Belgium
91%
Bolivia
91%
Panama
90%
Austria-Hungary
89%
Nepal
89%
Ecuador
87%
Siam
87%
Switzerland
86%
Haiti
85%
Ethiopia
84%
Honduras
83%
Romania
82%
Ottoman Empire
81%
Costa Rica
81%
Nicaragua
81%
Guatemala
81%
Bulgaria
80%
Dominican Republic
80%
El Salvador
79%
Albania
78%
Serbia
78%
Andorra
75%
Monaco
73%
San Marino
72%
Luxembourg
72%
Liechtenstein
70%
Liberia
68%
Montenegro
63%
Newfoundland
57%

Score Distribution

Percentile by Number Answered

Percent of People with Each Score

Your Score History

You have not taken this quiz since the last reset